Statistiques concernant SCO d'Angers - Joueurs les plus capés

Cliquez ici pour prendre le quiz!

Statistiques générales

  • Ce quiz a été pris 21 fois
  • Le résultat moyen est 3 sur 10

Statistiques - réponses

ApparitionNationalitéJoueur% Correct
279FrancePierrick Capelle
90%
321FranceRomain Thomas
90%
388FranceVincent Manceau
65%
277FranceOlivier Auriac
10%
425FrancePierre Bourdel
10%
280Italie / FranceAlbert Poli
5%
297FranceÉric Edwige
5%
277FranceKarim Djellabi
5%
276FranceKazimir Hnatow
0%
285FranceStéphane Bruey
0%

Distribution des résultats

Percentile par nombre de réponses

% des personnes avec chaque résultat

Votre développement - résultats

Vous n’avez pas pris ce quiz